| 000 | 01000nam a2200313 i 4500 | ||
|---|---|---|---|
| 999 |
_c200451813 _d70025 |
||
| 003 | TR-AnTOB | ||
| 005 | 20230622163235.0 | ||
| 007 | ta | ||
| 008 | 230205s2009 tu 000 0 tur d | ||
| 020 | _a9789756483220 | ||
| 040 |
_aTR-AnTOB _beng _erda _cTR-AnTOB |
||
| 041 | 0 | _atur | |
| 050 | 4 |
_aHB3722 _b.K874 2009 |
|
| 090 |
_aHB3722 _b.K874 2009 |
||
| 245 | 0 | 0 |
_aKüresel kriz ve Türkiye / _ceditör: Ekin Fıkırkoca ; yayına hazırlayan: Onur Elele. |
| 264 | 1 |
_aİstanbul : _bTürkiye Sermaye Piyasası Aracı Kuruluşları Birliği, _c2009. |
|
| 300 |
_a70 pages : _bgraphs ; _c21 cm |
||
| 336 |
_atext _btxt _2rdacontent |
||
| 337 |
_aunmediated _bn _2rdamedia |
||
| 338 |
_avolume _bnc _2rdacarrier |
||
| 490 | 0 |
_aBirlik Yayın No ; _v44 |
|
| 650 | 0 |
_aFinansal krizler _zTürkiye _9123248 |
|
| 653 | 0 | _aKüresel kriz | |
| 653 | 5 | _aTürkiye | |
| 700 | 1 |
_aFıkırkoca, Ekin _eeditor _993179 |
|
| 700 | 1 |
_aElele, Onur _eeditor _9140542 |
|
| 942 |
_2lcc _cBK |
||